ARASU ENTRANCE examination guide. (Record no. 95455)
[ view plain ]
| 000 -LEADER | |
|---|---|
| fixed length control field | 00426nam a2200145Ia 4500 |
| 008 - FIXED-LENGTH DATA ELEMENTS--GENERAL INFORMATION | |
| fixed length control field | 210210b1992 xxu||||| |||| 00| 0 eng d |
| 082 ## - DEWEY DECIMAL CLASSIFICATION NUMBER | |
| Classification number | 620.02 ARAS |
| 100 ## - MAIN ENTRY--PERSONAL NAME | |
| Personal name | ARASU ENTRANCE . |
| 245 ## - TITLE STATEMENT | |
| Title | ARASU ENTRANCE examination guide. |
| 260 ## - PUBLICATION, DISTRIBUTION, ETC. | |
| Place of publication, distribution, etc. | Madras. |
| Name of publisher, distributor, etc. | Mayilmani Publications, |
| Date of publication, distribution, etc. | 1992 |
| 300 ## - PHYSICAL DESCRIPTION | |
| Extent | 156,14 |
| 650 ## - SUBJECT ADDED ENTRY--TOPICAL TERM | |
| Topical term or geographic name entry element | Engineering Medical Agriculture Entrance Exam Guide<br/><br/> |
| 690 ## - LOCAL SUBJECT ADDED ENTRY--TOPICAL TERM (OCLC, RLIN) | |
| Topical term or geographic name as entry element | Engineering Entrance |
| 906 ## - LOCAL DATA ELEMENT F, LDF (RLIN) | |
| a | 046099 |
| Withdrawn status | Lost status | Source of classification or shelving scheme | Damaged status | Not for loan | Collection code | Home library | Current library | Date acquired | Cost, normal purchase price | Total Checkouts | Full call number | Barcode | Date last seen | Price effective from | Koha item type |
|---|---|---|---|---|---|---|---|---|---|---|---|---|---|---|---|
| Discarded | Dewey Decimal Classification | General | St Aloysius Library | St Aloysius Library | 02/17/2021 | 130.00 | 620.02 ARAS | 046099 | 02/17/2021 | 02/17/2021 | Book |